000 00329pab a2200121 454500
008 180718b xxu||||| |||| 00| 0 eng d
100 _aBadarinath, K.A
245 _aUpward revision of agricultural power tariff with fuel inflation
650 _a Agriculture
650 _aElectricity
773 _aFinancial Express
909 _a24065
999 _c24065
_d24065